| 000 | 00838nam a2200229 a 4500 | ||
|---|---|---|---|
| 001 | 40001 | ||
| 003 | BD-RjUL | ||
| 005 | 20211209053121.0 | ||
| 008 | 160421s1956 ii |||| |||| 00| 0 ben d | ||
| 020 | _c: IRs.5.00 | ||
| 035 | _a(BD-RjUL)40115 | ||
| 040 |
_aBD-RjUL _bben _cBD-RjUL |
||
| 041 | _aben | ||
| 082 |
_223 _a891.443 _bBOP 1956 |
||
| 100 |
_aবন্দোপাধ্যায়, সুরেশচন্দ্র _9123208 |
||
| 245 | 1 | 0 |
_aপথের সন্ধানে / _cসুরেশচন্দ্র বন্দোপাধ্যায় |
| 260 |
_aকলিকাতা : _bরঞ্জন কুমার দাস, _c১৯৫৬ |
||
| 300 |
_a৩৬২ পৃ. ; _c২০ সেমি. |
||
| 650 |
_aবাংলা উপন্যাস _9123209 |
||
| 650 |
_aBengali Fiction _9123210 |
||
| 942 |
_2ddc _cBK |
||
| 999 |
_c40001 _d40001 |
||